| 000 | 01270nam a2200301 a 4500 | ||
|---|---|---|---|
| 001 | ebr10428818 | ||
| 003 | CaPaEBR | ||
| 006 | m u | ||
| 007 | cr cn||||||||| | ||
| 008 | 101207s2010 enka sb 001 0 eng d | ||
| 020 | _z9781845116538 | ||
| 040 |
_aCaPaEBR _cCaPaEBR |
||
| 035 | _a(OCoLC)680040853 | ||
| 043 | _aa-tu--- | ||
| 050 | 1 | 4 |
_aHD8689.9.T9 _bA35 2010eb |
| 100 | 1 | _aAhiska, Meltem. | |
| 245 | 1 | 0 |
_aOccidentalism in Turkey _h[electronic resource] : _bquestions of modernity and national identity in Turkish radio broadcasting / _cMeltem Ahiska. |
| 260 |
_aLondon : _bTauris Academic Studies, _c2010. |
||
| 300 |
_ax, 271 p. : _bill. |
||
| 490 | 1 |
_aLibrary of modern Middle East studies ; _v79 |
|
| 504 | _aIncludes bibliographical references (p. [239]-262) and index. | ||
| 533 |
_aElectronic reproduction. _bPalo Alto, Calif. : _cebrary, _d2011. _nAvailable via World Wide Web. _nAccess may be limited to ebrary affiliated libraries. |
||
| 650 | 0 |
_aRadio broadcasting _zTurkey. |
|
| 655 | 7 |
_aElectronic books. _2local |
|
| 710 | 2 | _aebrary, Inc. | |
| 830 | 0 |
_aLibrary of modern Middle East studies ; _v79. |
|
| 856 | 4 | 0 |
_uhttp://site.ebrary.com/lib/rucke/Doc?id=10428818 _zAn electronic book accessible through the World Wide Web; click to view |
| 999 |
_c232592 _d232592 |
||